Buried cable perimeter intrusion detection system / (Record no. 212153)

000 -LEADER
fixed length control field 00804 a2200193 4500
003 - CONTROL NUMBER IDENTIFIER
control field NUST
005 - DATE AND TIME OF LATEST TRANSACTION
control field 20251217162248.0
040 ## - CATALOGING SOURCE
Transcribing agency Nust
082 ## - DEWEY DECIMAL CLASSIFICATION NUMBER
Classification number 621.382,KHA
100 ## - MAIN ENTRY--PERSONAL NAME
Personal name Khalik, Sundas Nayab (TCC-22)
9 (RLIN) 132412
245 ## - TITLE STATEMENT
Title Buried cable perimeter intrusion detection system /
Remainder of title Sundas Nayab Khalil, Saman Irfan, Waledd Bin Saad and Mohsin Iftikhar TCC-22
260 ## - PUBLICATION, DISTRIBUTION, ETC.
Place of publication, distribution, etc. Rawalpindi
Name of publisher, distributor, etc. MCS (NUST)
Date of publication, distribution, etc. June 2014
300 ## - PHYSICAL DESCRIPTION
Extent 96 p.;
505 ## - FORMATTED CONTENTS NOTE
Formatted contents note Introduction (Page-1), Literature Review (Page-11), Human Intruder Detection Algorithm (Page-36), Continuous wave Frequency Modulated Ranging System (Page-42), Design and Development (Page-51), Conclusion (Page-67).
650 ## - SUBJECT ADDED ENTRY--TOPICAL TERM
Topical term or geographic name entry element UG Project
9 (RLIN) 131132
651 ## - SUBJECT ADDED ENTRY--GEOGRAPHIC NAME
Geographic name TCC-22
9 (RLIN) 131223
700 ## - ADDED ENTRY--PERSONAL NAME
Personal name Supervised by Dr. Ashraf Masood.
9 (RLIN) 132413
942 ## - ADDED ENTRY ELEMENTS (KOHA)
Koha item type Project Report
Source of classification or shelving scheme
Holdings
Withdrawn status Lost status Source of classification or shelving scheme Damaged status Not for loan Permanent Location Current Location Shelving location Date acquired Full call number Barcode Date last seen Price effective from Koha item type Public note
          Military College of Signals (MCS) Military College of Signals (MCS) Reference 12/12/2016 621.382,KHA MCSPTC-226 12/08/2016 12/12/2016 Project Report Almirah No. 94, Shelf No. 4
© 2023 Central Library, National University of Sciences and Technology. All Rights Reserved.